Manažment kľúčových zákazníkov
Na minha lista:
| Autor principal: | |
|---|---|
| Formato: | Livro |
| Idioma: | eslovaco |
| Publicado em: |
Bratislava
Iura Edition
2012
|
| Colecção: | Ekonómia
|
| Assuntos: | |
| Tags: |
Sem tags, seja o primeiro a adicionar uma tag!
|
MARC
| LEADER | 00000nam a2200000 4500 | ||
|---|---|---|---|
| 001 | 0148816 | ||
| 005 | 20240314094404.8 | ||
| 020 | |a 978-80-8078-451-5 | ||
| 041 | 0 | |a slo | |
| 044 | |a SK | ||
| 245 | 1 | 0 | |a Manažment kľúčových zákazníkov |c Eva Poliačiková |
| 264 | 1 | |a Bratislava |b Iura Edition |c 2012 | |
| 300 | |a 101 s. | ||
| 490 | 1 | |a Ekonómia | |
| 830 | 0 | |a Ekonómia | |
| 610 | 2 | 0 | |a zákazníci |
| 610 | 2 | 0 | |a manažment |
| 610 | 2 | 0 | |a dodávatelia |
| 610 | 2 | 0 | |a organizácia |
| 610 | 2 | 0 | |a koncepcie |
| 610 | 2 | 0 | |a proces výrobný |
| 610 | 2 | 0 | |a štruktúra organizačná |
| 610 | 2 | 0 | |a starostlivosť o zákazníkov |
| 100 | 1 | |a Poliačiková, Eva | |